Laddar...
Night of the fox
| Huvudupphovsman: | |
|---|---|
| Materialtyp: | Printed Book |
| Publicerad: |
London
Harper
1986
|
| Upplaga: | 1st ed. |
| LEADER | 00474nam a22001577a 4500 | ||
|---|---|---|---|
| 003 | OSt | ||
| 020 | |a 9780007234806 | ||
| 082 | |a 823.1 |b JAC/NI | ||
| 100 | |a Higgins,Jack | ||
| 245 | |a Night of the fox | ||
| 250 | |a 1st ed. | ||
| 260 | |a London |b Harper |c 1986 | ||
| 300 | |a 316 pages; | ||
| 942 | |2 ddc |c BK | ||
| 999 | |c 139463 |d 139463 | ||
| 952 | |0 0 |1 0 |2 ddc |4 0 |6 823_100000000000000_JACNI |7 0 |8 FIC |9 138912 |a KAUCLV |b KAUCLV |c GENERAL |d 2014-07-03 |g 299.00 |o 823.1 JAC/NI |p 223689 |r 2014-07-03 |w 2014-07-03 |y BK | ||